صندوق الدنيا : (رقم التسجيلة. 31928)

تفاصيل مارك
000 -LEADER
fixed length control field 00538nam a22001817a 4500
005 - DATE AND TIME OF LATEST TRANSACTION
control field 20251108165818.0
008 - FIXED-LENGTH DATA ELEMENTS--GENERAL INFORMATION
fixed length control field 250721s1991 xx 000 0 ara d
082 14 - DEWEY DECIMAL CLASSIFICATION NUMBER
Classification number ط/811.9/ياس
100 1# - MAIN ENTRY--PERSONAL NAME
Personal name إبراهيم، ياسر
245 10 - TITLE STATEMENT
Title صندوق الدنيا :
Remainder of title أشعار /
264 1# - PRODUCTION, PUBLICATION, DISTRIBUTION, MANUFACTURE, AND COPYRIGHT NOTICE
Place of production, publication, distribution, manufacture بيروت :
Name of producer, publisher, distributor, manufacturer شركة سفير،
Date of production, publication, distribution, manufacture, or copyright notice 1991.
300 ## - PHYSICAL DESCRIPTION
Extent 15ص
490 0# - SERIES STATEMENT
Series statement سلسلة الأغاني و الأناشيد ؛ 4
650 17 - SUBJECT ADDED ENTRY--TOPICAL TERM
Topical term or geographic name as entry element الشعر العربي
650 17 - SUBJECT ADDED ENTRY--TOPICAL TERM
Topical term or geographic name as entry element أدب الأطفال
942 ## - ADDED ENTRY ELEMENTS (KOHA)
Source of classification or shelving scheme Dewey Decimal Classification
Koha item type كتب
المقتنيات
حالة السحب حالة الفقدان مصدر التصنيف حالة التلف غير قابل للإعارة المكتبة الرئيسية المكتبة الحالية موقع الرف تاريخ التزويد الرقم المتسلسل Total Checkouts رقم الإستدعاء تاريخ آخر ظهور تاريخ الفاتورة نوع المادة (كوها) الباركود
    Dewey Decimal Classification     مكتبة الحسن العامة مكتبة الحسن العامة الأطفال 08/09/2018 03139   ط/811.9/ياس 28/07/2025 08/09/2018 كتب PLD00430197
Withdrawn   Dewey Decimal Classification Unchecked   مكتبة الراية الهاشمية للأطفال مكتبة الراية الهاشمية للأطفال الإعارة 28/07/2025 296555   ط/811.9/ياس 28/07/2025 28/07/2025 كتب  
    Dewey Decimal Classification Unchecked   مكتبة صويلح العامة مكتبة صويلح العامة الأطفال 06/07/2004 2931   ط/811.9/ياس 28/07/2025 06/07/2004 كتب  
    Dewey Decimal Classification     مكتبة صويلح العامة مكتبة صويلح العامة الأطفال 25/07/2019 0388361   ط/811.9/ياس 28/07/2025 25/07/2019 كتب PLD00459530
Implemented & Customized by: BBB with SCIT (Smart Chains for Information Technology)

Powered by Koha